000 00656nam a22001937a 4500
005 20251108172416.0
008 250721s2002 xx 000 0 ara d
082 1 4 _a616.079/فير
100 1 _aفيرون، ماريز
_eمؤلف
245 1 0 _aالمرضيات الخمجية ودور التمريض في معالجتها :
_bالإيدز /
264 1 _aدمشق :
_bوزارة التعليم العالي،
_c2002.
300 _a347ص
650 1 7 _aالامراض
650 1 7 _aالإيدز
700 1 _aبوبرية، فرانسوا
_eمؤلف
700 1 _aالعظم، رباب العابد
_eمترجم
942 _2ddc
_cBK
999 _c78572
_d78572